[Event "Mittelrhein Verbandsliga-S 18/19"]
[Site "Nordrheinwestfalen"]
[Date "2018.09.30"]
[Round "2.8"]
[White "Haak, Norbert"]
[Black "Wulfken, Christof"]
[Result "0-1"]
[WhiteElo "1846"]
[BlackElo "1825"]
[PlyCount "48"]
[EventDate "2018.09.02"]
[EventType "team-tourn"]
[EventRounds "11"]
[EventCountry "GER"]
[SourceTitle "EXT 2022"]
[Source "ChessBase"]
[SourceDate "2021.10.06"]
[SourceVersion "1"]
[SourceVersionDate "2021.10.06"]
[SourceQuality "1"]
[WhiteTeam "Rheinbacher SF"]
[BlackTeam "Godesberg II"]
[WhiteTeamCountry "GER"]
[BlackTeamCountry "GER"]

1. e4 c5 2. Nc3 d6 3. g3 Nc6 4. d3 e5 5. Bg2 Nge7 6. Nh3 Be6 7. f3 h6 8. Nf2 Qd7 9. f4 f5 10. a3 0-0-0 11. Nd5 Kb8 12. c3 Re8 13. 0-0 exf4 14. gxf4 Bxd5 15. exd5 Nd8 16. b4 cxb4 17. axb4 g6 18. Be3 Nc8 19. Qc1 Bg7 20. Nd1 Nf7 21. Ra3 Bf6 22. c4 g5 23. Qc2 Rxe3 24. Nxe3 Bd4 0-1

[Event "Mittelrhein Verbandsliga-S 17/18"]
[Site "Nordrheinwestfalen"]
[Date "2018.02.25"]
[Round "8.6"]
[White "Haak, Norbert"]
[Black "Dirschke, Philipp"]
[Result "1-0"]
[WhiteElo "1881"]
[BlackElo "1793"]
[PlyCount "43"]
[EventDate "2017.09.10"]
[EventType "team-tourn"]
[EventRounds "11"]
[EventCountry "GER"]
[SourceTitle "EXT 2022"]
[Source "ChessBase"]
[SourceDate "2021.10.06"]
[SourceVersion "1"]
[SourceVersionDate "2021.10.06"]
[SourceQuality "1"]
[WhiteTeam "Rheinbacher SF"]
[BlackTeam "Lohmar"]
[WhiteTeamCountry "GER"]
[BlackTeamCountry "GER"]

1. e4 c5 2. Nc3 g6 3. g3 Nc6 4. Bg2 Bg7 5. d3 d6 6. Nh3 Nf6 7. 0-0 0-0 8. Kh1 Rb8 9. f3 b5 10. g4 b4 11. Ne2 e5 12. Ng3 Be6 13. g5 Ne8 14. f4 f5 15. gxf6 Bxf6 16. f5 Bf7 17. Qg4 h5 18. Nxh5 Ne7 19. Bh6 Bg7 20. Nxg7 Nxg7 21. Bxg7 Kxg7 22. f6+ 1-0

[Event "Mittelrhein Verbandsliga-S 17/18"]
[Site "Nordrheinwestfalen"]
[Date "2017.10.22"]
[Round "3.6"]
[White "Loeffler, Friedrich"]
[Black "Haak, Norbert"]
[Result "1-0"]
[WhiteElo "1861"]
[BlackElo "1881"]
[PlyCount "65"]
[EventDate "2017.09.10"]
[EventType "team-tourn"]
[EventRounds "11"]
[EventCountry "GER"]
[SourceTitle "EXT 2022"]
[Source "ChessBase"]
[SourceDate "2021.10.06"]
[SourceVersion "1"]
[SourceVersionDate "2021.10.06"]
[SourceQuality "1"]
[WhiteTeam "Bruehl II"]
[BlackTeam "Rheinbacher SF"]
[WhiteTeamCountry "GER"]
[BlackTeamCountry "GER"]

1. d4 d6 2. c4 g6 3. Nc3 Bg7 4. e4 Nd7 5. f4 Nh6 6. Nf3 0-0 7. Bd3 c5 8. d5 a6 9. 0-0 f6 10. Qc2 Nf7 11. Be3 Re8 12. Rfe1 Nf8 13. h3 b6 14. Rad1 e6 15. dxe6 Bxe6 16. Nd5 Bxd5 17. exd5 Ra7 18. Bf2 Rxe1+ 19. Rxe1 Qd7 20. Qe2 Bh6 21. Bg3 f5 22. Qe8 Qxe8 23. Rxe8 b5 24. Ng5 Bxg5 25. fxg5 b4 26. Bc2 a5 27. Ba4 Kg7 28. h4 Kg8 29. b3 Kg7 30. Bf4 Kg8 31. Kf1 Kg7 32. Bc1 Nd7 33. Re7 1-0

[Event "Mittelrhein Verbandsliga-O 16/17"]
[Site "Nordrheinwestfalen"]
[Date "2017.03.19"]
[Round "9.4"]
[White "Leontiev, Oleg"]
[Black "Haak, Norbert"]
[Result "0-1"]
[WhiteElo "1982"]
[BlackElo "1866"]
[PlyCount "72"]
[EventDate "2016.09.11"]
[EventType "team-tourn"]
[EventRounds "11"]
[EventCountry "GER"]
[SourceTitle "EXT 2022"]
[Source "ChessBase"]
[SourceDate "2021.10.06"]
[SourceVersion "1"]
[SourceVersionDate "2021.10.06"]
[SourceQuality "1"]
[WhiteTeam "St Augustin Turm"]
[BlackTeam "Rheinbacher SF"]
[WhiteTeamCountry "GER"]
[BlackTeamCountry "GER"]

1. d4 d6 2. Nf3 g6 3. c4 Bg7 4. Nc3 Nh6 5. Bg5 f6 6. Bd2 0-0 7. Qc1 Nf7 8. e4 e5 9. d5 a5 10. Be2 Na6 11. 0-0 Kh8 12. Ne1 f5 13. f4 Nc5 14. Bf3 b6 15. Qc2 exf4 16. Bxf4 g5 17. Be3 f4 18. Bf2 g4 19. Be2 Qg5 20. Qd2 Qh5 21. Bd4 Ne5 22. Rxf4 Bd7 23. Rxf8+ Rxf8 24. Nc2 Qg6 25. Bxc5 bxc5 26. Rf1 Nf3+ 27. Bxf3 gxf3 28. g3 h5 29. Qd3 Bg4 30. Nd1 h4 31. Nf2 hxg3 32. hxg3 Bh3 33. Kh2 Be5 34. Rg1 Bd7 35. Nh3 Bxh3 36. Qd2 Qh5 0-1

[Event "Mittelrhein Verbandsliga-O 16/17"]
[Site "Nordrheinwestfalen"]
[Date "2017.01.08"]
[Round "6"]
[White "Haak, Norbert"]
[Black "Both, David"]
[Result "1-0"]
[WhiteElo "1850"]
[BlackElo "1861"]
[PlyCount "59"]
[EventDate "2016.09.11"]
[EventType "team-tourn"]
[EventRounds "11"]
[EventCountry "GER"]
[SourceTitle "EXT 2022"]
[Source "ChessBase"]
[SourceDate "2021.10.06"]
[SourceVersion "1"]
[SourceVersionDate "2021.10.06"]
[SourceQuality "1"]
[WhiteTeam "Rheinbacher SF"]
[BlackTeam "Troisdorf"]
[WhiteTeamCountry "GER"]
[BlackTeamCountry "GER"]

1. e4 c6 2. Nc3 d5 3. d3 e5 4. g3 Nf6 5. Bg2 dxe4 6. Nxe4 Nxe4 7. Bxe4 Be6 8. Qe2 Bd6 9. Bg2 0-0 10. Nf3 Re8 11. Ng5 Bf5 12. Ne4 Bb4+ 13. c3 Be7 14. 0-0 Nd7 15. Kh1 Nf6 16. a3 Qd7 17. Be3 Nxe4 18. dxe4 Bg4 19. f3 Bh3 20. Rad1 Bxg2+ 21. Kxg2 Qc7 22. f4 Bd6 23. f5 b6 24. h4 Rad8 25. f6 g6 26. h5 Bf8 27. hxg6 hxg6 28. Qg4 Rxd1 29. Rxd1 Re6 30. Qh4 1-0

[Event "Mittelrhein Verbandsliga-O 16/17"]
[Site "Nordrheinwestfalen"]
[Date "2016.10.23"]
[Round "3"]
[White "Radic, Tomislav"]
[Black "Haak, Norbert"]
[Result "0-1"]
[WhiteElo "2030"]
[BlackElo "1850"]
[PlyCount "76"]
[EventDate "2016.09.11"]
[EventType "team-tourn"]
[EventRounds "11"]
[EventCountry "GER"]
[SourceTitle "EXT 2022"]
[Source "ChessBase"]
[SourceDate "2021.10.06"]
[SourceVersion "1"]
[SourceVersionDate "2021.10.06"]
[SourceQuality "1"]
[WhiteTeam "Bergische SF II"]
[BlackTeam "Rheinbacher SF"]
[WhiteTeamCountry "GER"]
[BlackTeamCountry "GER"]

1. c4 d6 2. d4 g6 3. g3 Bg7 4. Bg2 Nc6 5. Nf3 Nh6 6. Nc3 0-0 7. 0-0 e6 8. e4 f6 9. Be3 Ne7 10. Qd2 Nf7 11. b4 Kh8 12. b5 g5 13. h3 Ng6 14. a4 c6 15. Ra2 e5 16. Rd1 g4 17. hxg4 Bxg4 18. Ne2 Qc7 19. Rb1 b6 20. d5 c5 21. a5 Rab8 22. Rba1 h6 23. Nc3 Rb7 24. Ra4 Ne7 25. R1a3 Kh7 26. Nh4 Nh8 27. Qa2 Nc8 28. axb6 axb6 29. Nf5 Ng6 30. Qd2 Qd7 31. Nxh6 Bxh6 32. Bxh6 Rh8 33. Be3 Kg7 34. Kf1 f5 35. exf5 Qxf5 36. Ke1 Rh2 37. Kf1 Rxg2 38. Kxg2 Bf3+ 0-1

[Event "Mittelrhein Verbandsliga-O 1112"]
[Site "Germany"]
[Date "2011.12.11"]
[Round "4"]
[White "Wagner, Thorsten"]
[Black "Haak, Norbert"]
[Result "1-0"]
[WhiteElo "1732"]
[BlackElo "1836"]
[PlyCount "77"]
[EventDate "2011.09.18"]
[EventType "team-tourn"]
[EventRounds "11"]
[EventCountry "GER"]
[SourceTitle "EXT 2013"]
[Source "ChessBase"]
[SourceDate "2012.11.22"]
[SourceVersion "1"]
[SourceVersionDate "2012.11.22"]
[SourceQuality "1"]
[WhiteTeam "Erftstadt SV"]
[BlackTeam "Rheinbacher SF"]
[WhiteTeamCountry "GER"]
[BlackTeamCountry "GER"]

1. Nf3 Nf6 2. c4 c5 3. g3 g6 4. Bg2 Nc6 5. 0-0 Bg7 6. Nc3 0-0 7. a3 a6 8. d3 Rb8 9. Bf4 d6 10. Rb1 Nh5 11. Bg5 h6 12. Bd2 Nd4 13. Nxd4 cxd4 14. Nd5 e6 15. Nb4 a5 16. Nc2 b5 17. cxb5 Rxb5 18. a4 Rb8 19. Qe1 Qc7 20. Na3 d5 21. Bxa5 Qd7 22. b3 Ba6 23. Qd2 Nf6 24. Qf4 Rxb3 25. Rxb3 Qxa4 26. Rfb1 Qxa5 27. Qxd4 Nd7 28. Qb4 Qc7 29. Qd2 Rc8 30. d4 Kh7 31. e3 Bf8 32. Bf1 Bc4 33. Rb7 Qc6 34. Nxc4 dxc4 35. Bxc4 Qf3 36. Bf1 Rd8 37. Bg2 Qf6 38. Qa5 Bd6 39. Qa7 1-0

[Event "Mittelrhein Verbandsliga-O 1112"]
[Site "Germany"]
[Date "2011.11.13"]
[Round "3"]
[White "Haak, Norbert"]
[Black "Kopp, Jan"]
[Result "0-1"]
[WhiteElo "1836"]
[BlackElo "1957"]
[PlyCount "80"]
[EventDate "2011.09.18"]
[EventType "team-tourn"]
[EventRounds "11"]
[EventCountry "GER"]
[SourceTitle "EXT 2013"]
[Source "ChessBase"]
[SourceDate "2012.11.22"]
[SourceVersion "1"]
[SourceVersionDate "2012.11.22"]
[SourceQuality "1"]
[WhiteTeam "Rheinbacher SF"]
[BlackTeam "Godesberg IV"]
[WhiteTeamCountry "GER"]
[BlackTeamCountry "GER"]

1. e4 c5 2. Nc3 g6 3. g3 Bg7 4. d3 Nc6 5. Bg2 Nf6 6. Nh3 d6 7. 0-0 0-0 8. Kh1 Nd4 9. f3 Bd7 10. g4 Qc8 11. Ng1 b5 12. g5 Nh5 13. Nd5 Qd8 14. c3 Nc6 15. f4 e6 16. Ne3 f6 17. Nh3 fxg5 18. f5 e5 19. Nd5 Nf4 20. Nhxf4 exf4 21. fxg6 hxg6 22. Bf3 Ne5 23. Rg1 c4 24. d4 Nd3 25. Qe2 Re8 26. Kg2 Be6 27. Nb4 Nxb4 28. cxb4 Bxd4 29. Rd1 Be5 30. Rb1 Qd7 31. Kf1 g4 32. Bh1 Kg7 33. Bd2 Qf7 34. Bc3 Rh8 35. Rxd6 Qf6 36. Rbd1 f3 37. Bxf3 Bxc3 38. Rxe6 Qxe6 39. Bxg4 Qf6+ 40. Kg2 Bd4 0-1